00566nam a2200205Ia 450000500170000000800410001702000250005804000190008304100120010208200130011410000180012724500430014526000390018830000090022750400260023663000220026265000130028465100530029785000100035020210902124900.0131103s9999 xx 000 0 und d a43230016c5.50pounds aLoreto College aEnglish a320bBOT aBottomore,T.B aClass in modern societycT.B Bottomore aLondonbGeorge Allen & Unwinc1965 a82p  aIncludes bibliography aPolitical Science aPolitics aSociological theories of class, Political theory aLCLIB